00586nam a2200217Ia 4500001000700000003000500007008004100012010001100053020001800064040000900082082002000091100003700111245006800148260003000216300001000246503001700256504002600273650002500299650002600324650001800350Z_4301CHAP220113s1984 xx 000 0 und d a167366 a969-26-0461-3 cCHAP aC 636.20897 A85 aTéllez y Reyes Retana, Eduardo aAtlas de cirugía del bovino /cEduardo Tellez y Reyes Retana aMéxico :bCECSA,c1984 a99 p. aej.1: 128840 aBibliografía: p. 99 aBovinos xx Cirugia aCirugía veterinaria aGanado bovino